Анализ фазовых равновесий и кристаллизации металлических сплавов: учебное пособие для вузов

Podrobná bibliografie
Hlavní autor: Бунин К. П.
Korporativní autor: Днепропетровский металлургический институт (ДМетИ)
Další autoři: Баранов А. А., Таран Ю. Н.
Jazyk:ruština
Vydáno: Днепропетровск, Изд-во ДМИ, 1973
Témata:
Médium: MixedMaterials Kniha
KOHA link:https://koha.lib.tpu.ru/cgi-bin/koha/opac-detail.pl?biblionumber=214164

MARC

LEADER 00000nam0a2200000 4500
001 214164
005 20231031193450.0
035 |a (RuTPU)RU\TPU\book\234018 
090 |a 214164 
100 |a 20120420d1973 m y0rusy50 ca 
101 0 |a rus 
102 |a RU 
105 |a a j 000zy 
200 1 |a Анализ фазовых равновесий и кристаллизации металлических сплавов  |e учебное пособие для вузов  |f К. П. Бунин, А. А. Баранов, Ю. Н. Таран  |g Днепропетровский металлургический институт (ДМетИ) 
210 |a Днепропетровск  |c Изд-во ДМИ  |d 1973 
215 |a 133 с.  |c ил. 
610 1 |a металлография 
610 1 |a металлы 
610 1 |a металлические сплавы 
610 1 |a фазовое равновесие 
610 1 |a кристаллизация 
610 1 |a твердые растворы 
610 1 |a учебные пособия 
675 |a 669.017.3(075.8)  |v 3 
675 |a 669:548.5(075.8)  |v 3 
700 1 |a Бунин  |b К. П. 
701 1 |a Баранов  |b А. А. 
701 1 |a Таран  |b Ю. Н. 
712 0 2 |a Днепропетровский металлургический институт (ДМетИ)  |c (1930-1993)  |2 stltpush  |3 (RuTPU)RU\TPU\col\7932 
801 1 |a RU  |b 63413507  |c 20120420 
801 2 |a RU  |b 63413507  |c 20160803  |g RCR 
942 |c BK